Riadenie procesu likvidácie odpadových vôd v Schaeffler Skalica, spol. s r.o.

Na minha lista:
Detalhes bibliográficos
Autor principal: Pecha, Ondrej (Author)
Outros Autores: Pauliková, Alena (Thesis advisor)
Formato: Manuscrito Livro
Idioma:eslovaco
Publicado em: 2021
Assuntos:
Acesso em linha:http://is.stuba.sk/zp/portal_zp.pl?podrobnosti=155255
Tags: Adicionar Tag
Sem tags, seja o primeiro a adicionar uma tag!

MARC

LEADER 00000ntm a22000003a 4500
001 stuzp84292
003 SK-STU
005 20210703212559.9
007 ta
008 150427s2015----xo-----f-mn---000-0-slo-d
040 |a STU  |b slo 
041 0 |a slo 
100 1 |a Pecha, Ondrej  |u 064000  |4 aut  |U MTF Materiálovotechnologická fakulta  |T MTF Ústav priemyselného inžinierstva a manažmentu  |X 80338  |U M4000  |Y 84  |7 80338 
242 0 1 |a Management of Wastewater Disposal Process in Schaeffler Skalica, comp. Ltd.  |y eng 
245 1 0 |a Riadenie procesu likvidácie odpadových vôd v Schaeffler Skalica, spol. s r.o. 
260 |c 2021 
650 4 |a Odpadová voda  |2 slo 
650 4 |a Priemyselná odpadová voda  |2 slo 
650 4 |a likvidácia odpadovej vody  |2 slo 
650 4 |a Waste water  |2 eng 
650 4 |a Industrial waste water  |2 eng 
650 4 |a waste water disposal  |2 eng 
700 1 |a Pauliková, Alena  |u 064000  |k Z1  |4 ths  |U MTF Materiálovotechnologická fakulta  |T MTF Ústav priemyselného inžinierstva a manažmentu  |X 77968  |U M4000  |Y 84  |7 77968 
856 4 |u http://is.stuba.sk/zp/portal_zp.pl?podrobnosti=155255 
996 |c M* BP-9170  |l MMSKP  |s P  |a 0  |w stuzp84292_0001